Agricultural extension reforms in south asia : status, challenges, and policy options

Bibliographic Details
Main Author: Babu, Suresh Chandra (Author)
Other Authors: P.K. Joshi (Editor)
Format: Book
Language:English
Edition:1st edition
Subjects:

MARC

LEADER 00000cam a2200000 7i4500
001 0000099029
005 20220214093000.0
008 200812s2019 mau eng
020 |a 9780128187524 
040 |a UniSZA   |e rda 
050 0 0 |a S544   |b .A37 2019 
090 0 0 |a S544   |b .A37 2019 
100 1 |a Babu, Suresh Chandra ,   |e author 
245 0 0 |a Agricultural extension reforms in south asia :   |b status, challenges, and policy options   |c Suresh Chandra Babu, P.K Joshi. 
250 |a 1st edition 
264 0 |a Waltham, MA :   |b Elsevier   |c 2019. 
300 |a xi,392 pages ;   |c 24 cm. 
336 |a text  |2 rdacontent 
337 |a unmediated  |2 rdamedia 
338 |a volume  |2 rdacarrier 
500 |a Include index 
505 0 |a 1. Introduction -- 2. Extension Reforms in South Asia -- 3. Public Innovations in Extension Systems -- 4. Private Innovations in Extension Systems -- 5. Information and Communication Technology and Education in Extension Systems -- 6. Specialized Extension Programs -- 7.Synthesis and Conclusion 
650 0 |a Agricultural extension work   |z South Asia 
700 1 |a P.K. Joshi ,   |e editor 
999 |a 1000180212   |b Book   |c Open Shelf (1 Day)   |e Tembila Campus 
999 |a 1000182772   |b Book   |c Open Shelf (1 Day)   |e Tembila Campus 
999 |a 1000182773   |b Book   |c OPEN SHELF (30 DAYS)   |e Tembila Campus